Soccer Logos - Bundesliga - Statistics

General Stats
  • This quiz has been taken 149 times
    91 since last reset
  • The average score is 17 of 18
Answer Stats
Picture Answer % Correct
Bayern Munich
100%
Bayer Leverkusen
99%
Borussia Dortmund
99%
Cologne
98%
Eintracht Frankfurt
98%
RB Leipzig
98%
Hamburg
96%
Mainz
95%
Werder Bremen
94%
Wolfsburg
94%
Freiburg
93%
Augsburg
91%
Borussia Mönchengladbach
91%
VfB Stuttgart
91%
Hoffenheim
90%
Union Berlin
90%
St. Pauli
83%
Heidenheim
81%
No matching quizzes found
Score Distribution
Percent of People with Each Score
Percentile by Number Answered
Your Score History
You have not taken this quiz since the last reset